00379nam a22001457a 4500003000500000005001700005008004100022040000600063082001600069100001800085245008300103260002900186300000800215650001000223CEME20210628203109.0210120b xxu||||| |||| 00| 0 eng d c. a658.409 WAR aWareham, John aGir mamole esecutive, zerak muntazmeen ka kudokal, andaza fekar aur tarza amal aLAHOREbTAKHLEEQATc2006 a324 aFAIZA